000 00636nam a2200217 i 4500
001 80846
003 ES-MaACL
005 20230906174319.0
007 t|
008 041029s1981 sp ||||1| spa d
020 _a84-265-0318-7
080 _a342.7
080 _a82.09
100 1 _aHoria, Vintila (
_d1915-1992)
_964193
245 1 4 _aLos derechos humanos y la novela del siglo XX /
_cVintila Horia.
260 _a[Madrid] :
_bE.M.E.S.A.,
_c[1981]
300 _a242 p. ;
_c23 cm.
650 4 _aDerechos humanos-
_xEn la literatura.
_9165887
650 4 _aNovela-
_yS.XX-
_xHistoria y crítica.
_915605
852 4 _aES-MaACL
_jL-1822
999 _c80846
_d80846